Emoji quiz - Statistics

General Stats
  • This quiz has been taken 1,021 times
  • The average score is 11 of 15
Answer Stats
Emoji Answer % Correct
๐Ÿ’ Monkey
94%
๐ŸŽ… Santa
93%
๐Ÿ˜„ Happy
87%
๐Ÿ“ž Phone
85%
๐Ÿ”‘ Key
83%
๐Ÿšฟ Shower
82%
โฐ Clock
81%
๐ŸŽฅ Camera
80%
๐Ÿ˜ˆ Devil
80%
๐Ÿ’ฉ Poop
80%
๐Ÿ”‹ Battery
68%
โœ” Check
59%
๐Ÿ˜ก Mad
54%
๐Ÿ˜ฑ Shocked
45%
๐Ÿ˜œ Tounge
13%
No matching quizzes found
Score Distribution
Percent of People with Each Score
Percentile by Number Answered
Your Score History
You have not taken this quiz